| 000 | 00561nam a2200181Ia 4500 | ||
|---|---|---|---|
| 005 | 20250508154309.0 | ||
| 008 | 008 250505s9999 xx 000 0 eng d | ||
| 037 | _aTextual | ||
| 040 |
_aFEDL _beng _cFEDL |
||
| 041 |
_aeng _2eng |
||
| 084 |
_a954.03, CHA _qFEDL |
||
| 100 | _aChatterjee Dilip Kumar | ||
| 245 | 0 | _aC. R. Das and Indian national movement: A study in his political ideals | |
| 260 |
_aCalcutta, India _bThe Post-Graduate Book Mart _c1965 |
||
| 300 | _axxii,262p. | ||
| 942 |
_cTEXL _h954.03, CHA |
||
| 999 |
_c1349442 _d1349442 |
||